00473nam a22001697a 450000500170000001000130001702000120003003500130004203700090005508200100006410000270007424500510010124600510015226000200020327000580022330000220028120191205114422.0 aA-842623 c3.00a- aA-842623 bBPPD a239.1 aچر ن سنگھ جی  aسنت مت د ر شن cچر ن سنگھ جی aSant Mat Darshan bby Maharaj Charan Singh Ji  aPunjabc1979 ء aRadha Sawami Sat Sangh Bayas,Zila AmritsarbPunjabk- a228 صc22 cm(hb)